|
|
|
|
| LEADER |
00000nab a2200000 a 4500 |
| 001 |
vtls000337145 |
| 003 |
SK-MaSNL |
| 005 |
20260303230921.0 |
| 008 |
160202c1988 xo 0 slo |
| 015 |
|
|
|a SNBRB19rr/mm-uuuuu
|
| 035 |
|
|
|a CL0337267
|
| 040 |
|
|
|a SNKBUCL
|b slo
|c SNKBUCL
|e AACR2
|
| 041 |
0 |
|
|a slo
|
| 044 |
|
|
|a xo
|c SK
|
| 080 |
|
|
|a 77.04-051
|2 1981
|
| 080 |
|
|
|a 378.124
|2 1981
|
| 080 |
|
|
|a 929 Tausk, Petr
|2 1981
|
| 100 |
1 |
|
|a Kozáček, Ivan,
|d 1923-2015
|4 aut
|9 112066
|
| 245 |
1 |
0 |
|a Za Ing. Petrom Tauskom
|c Ivan Kozáček ; Petr Tausk
|
| 300 |
|
|
|b Obr. 1.
|
| 600 |
1 |
7 |
|a Tausk, Petr
|d 1927-1988
|x nekrológy
|2 snkbucl
|9 1265387
|
| 650 |
0 |
7 |
|a Tausk, Petr
|2 snkbucl
|9 1265388
|
| 655 |
|
7 |
|a články z novín a časopisov
|2 snkbucl
|9 267496
|
| 773 |
0 |
|
|t Výtvarníctvo fotografia film
|g Roč. 26, č. 10 (1988), s. ob. 3
|
| 850 |
|
|
|a Slovenská národná knižnica v Martine
|a MTA001
|
| 852 |
|
|
|a SNK
|b KIS3GCP
|
| 958 |
|
|
|a RK
|
| 958 |
|
|
|a CZ
|
| 992 |
|
|
|a RBX
|
| 999 |
|
|
|c 2264330
|d 2266260
|